| 000 | 00456cam a2200169ua 4500 | ||
|---|---|---|---|
| 020 |
_a9788120316287 _c150.00 |
||
| 041 |
_aeng _h |
||
| 082 |
_a512.5 _bKUM/LI |
||
| 100 | _aKumaresan, S . | ||
| 245 |
_aLinear algebra: a geometric approach / _cS.Kumaresan. _hTextual Documents |
||
| 260 |
_aNew Delhi : _bPrentice Hall of India Pvt Ltd. , _c2004. |
||
| 300 | _a218 ; . | ||
| 365 | _a150.00 | ||
| 504 | _a | ||
| 942 | _cBK | ||
| 999 |
_c12363 _d12363 |
||